FIFA 09 Soundtrack - Statistics

General Stats
  • This quiz has been taken 5 times
  • The average score is 7 of 42
Answer Stats
Artist Song % Correct
MGMT K{ids}
100%
Duffy M{ercy}
100%
Sam Sparro B{lack} & {Gold}
50%
Radiopilot F{ahrrad}
50%
The Veronicas U{ntouched}
50%
The Kissaway Trail 6{1}
25%
Chromeo (Yuksek Remix) B{onafied} {Lovin'}
25%
The Bloody Beetroots B{utter}
25%
The Black Kids (The Twelves Remix) I'{m} {Not} {Gonna} {Teach} {Your} {Boyfriend} {How} {To} {Dance} {With} {You}
25%
Curumin M{agrela} {Fever}
25%
DJ Bitman M{e} {Gustan}
25%
Macaco M{ovin'}
25%
Reverend And The Makers O{pen} {Your} {Window}
25%
Ladytron R{unaway}
25%
Damian "Jr. Gong" Marley S{omething} {For} {You} ({One} {Loaf} {Of} {Bread})
25%
The Script T{he} {End} {Where} {I} {Begin}
25%
Datarock T{rue} {Stories}
25%
Gonzales (Boys Noize Remix) W{orking} {Together}
25%
Caesar Palace 1{ne}
0%
The Kooks A{lways} {Where} {I} {Need} {To} {Be}
0%
Najwajean D{rive} {Me}
0%
Kasabian F{ast} {Fuse}
0%
Tom Jones (Junkie XL Remix) F{eels} {Like} {Music}
0%
The Airborne Toxic Event G{asoline}
0%
Jakobinarina I'{m} {A} {Villain}
0%
Lykke Li I'{m} {Good} {I'm} {Gone}
0%
CSS J{ager} {Yoga}
0%
The Ting Tings K{eep} {Your} {Head}
0%
Plastilina Mosh L{et} {U} {Know}
0%
Cut Copy L{ights} {And} {Music}
0%
Senor Flavio L{o} {Mejor} {Del} {Mundo}
0%
Junkie XL feat. Electrocute M{ad} {Pursuit}
0%
Ungdomskulen M{odern} {Drummer}
0%
The Whip M{uzzle} {#1}
0%
Foals O{lympic} {Airways}
0%
Jupiter One P{latform} {Moon}
0%
Hot Chip (Soulwax Remix) R{eady} {For} {The} {Floor}
0%
The Fratellis T{ell} {Me} {A} {Lie}
0%
The Heavy T{hat} {Kind} {Of} {Man}
0%
The Pinker Tones T{he} {Whistling} {Song}
0%
Soprano V{ictory}
0%
My Federation W{hat} {Gods} {Are} {These}
0%
No matching quizzes found
Score Distribution
Percent of People with Each Score
Percentile by Number Answered
Your Score History
You have not taken this quiz